000 00611nam a2200265Ia 4500
005 20260121161405.0
008 008 260114s9999 xx 000 0 eng d
020 _a9780203967317
037 _aEBOOK
040 _aCRL
040 _beng
040 _cCRL
041 _2eng
041 _aeng
084 _qCRL
100 _aReal-time PCR
_91044014
245 0 _aM Dorak
260 _bTaylor and Francis
260 _c2006
650 _aBiotechnology
_91044015
856 _uhttp://www.taylorfrancis.com/books/9780203967317
942 _cEBOOK
999 _c1610413
_d1610413